LEADER 02327oam 2200649I 450 001 9910705637903321 005 20170522122739.0 035 $a(CKB)5470000002452019 035 $a(OCoLC)55856831 035 $a(EXLCZ)995470000002452019 100 $a20040707j200210 ua 0 101 0 $aeng 135 $aurbnu|||uuaun 181 $ctxt$2rdacontent 182 $cc$2rdamedia 183 $acr$2rdacarrier 200 10$aNOx emission reduction in commercial jets through water injection /$fVladimir Balepin, Chris Ossello and Chris Snyder 210 1$aCleveland Ohio :$cNational Aeronautics and Space Administration, Glenn Research Center,$dOctober 2002. 215 $a1 online resource (4 pages) $cillustrations 225 1 $aNASA/TM ;$v2002-211978 300 $a"October 2002." 300 $a"Prepared for the 38th Joint Propulsion Conference and Exhibit cosponsored by the AIAA, ASME, SAE, and ASEE, Indianapolis, Indiana, July 7-10, 2002." 300 $a"Performing organization: National Aeronautics and Space Administration, John H. Glenn Research Center at Lewis Field" Report documentation page. 300 $a"AIAA-2002-3623." 320 $aIncludes bibliographical references (page 4). 517 3 $aNitrogen oxide emission reduction in commercial jets through water injection 606 $aJet engines 606 $aAircraft exhaust emissions 606 $aAircraft exhaust emissions$2fast 606 $aJet engines$2fast 606 $aWater injection$2nasat 606 $aNitrogen oxides$2nasat 606 $aTurbofan engines$2nasat 615 0$aJet engines. 615 0$aAircraft exhaust emissions. 615 7$aAircraft exhaust emissions. 615 7$aJet engines. 615 7$aWater injection. 615 7$aNitrogen oxides. 615 7$aTurbofan engines. 700 $aBalepin$b Vladimir$01419319 702 $aOssello$b Chris 702 $aSnyder$b Christopher A. 712 02$aNASA Glenn Research Center, 801 0$bBUF 801 1$bBUF 801 2$bOCLCQ 801 2$bOCLCF 801 2$bOCLCO 801 2$bOCLCQ 801 2$bOCLCO 801 2$bOCLCQ 801 2$bGPO 906 $aBOOK 912 $a9910705637903321 996 $aNOx emission reduction in commercial jets through water injection$93533351 997 $aUNINA